| 000 | 00673cam a2200217 4500 | ||
|---|---|---|---|
| 001 | WB3631-32 | ||
| 008 | 000000n2000 000 0 eng u | ||
| 035 | _a(Sirsi) u107695 | ||
| 245 | _aProperty boom hits low-income families | ||
| 260 | _c2000 | ||
| 490 |
_aHerald _vScotland's Homes 9 August 2000, 3(2) |
||
| 520 | _aWarns that the property boom and soaring houses prices are hitting low-income families in Edinburgh. | ||
| 590 | _aWB | ||
| 650 | _aSCOTLAND | ||
| 650 | _aHOUSE PRICES | ||
| 650 | _aPROPERTY BOOM | ||
| 650 | _aEDINBURGH | ||
| 650 | _aLOW-INCOME FAMILIES | ||
| 690 | _aPROPERTY-RESIDENTIAL PROPERTY-RESIDENTIAL PROPERTY MARKET | ||
| 942 | _n0 | ||
| 999 |
_c64334 _d64334 |
||